An introduction to morphology and syntax
Guardado en:
| Autor principal: | |
|---|---|
| Formato: | Libro |
| Lenguaje: | Undetermined |
| Publicado: |
California, Estados Unidos
Summer Institute of Linguistics
1972
|
| Materias: | |
| Etiquetas: |
Agregar Etiqueta
Sin Etiquetas, Sea el primero en etiquetar este registro!
|
MARC
| LEADER | 00000nam a2200000Ia 4500 | ||
|---|---|---|---|
| 008 | 170316s9999 xx 000 0 und d | ||
| 090 | |a 415-I E-4a | ||
| 100 | |a Elson, Benjamin | ||
| 245 | 3 | |a An introduction to morphology and syntax | |
| 260 | |a California, Estados Unidos | ||
| 260 | |b Summer Institute of Linguistics | ||
| 260 | |c 1972 | ||
| 300 | |a 167 páginas | ||
| 650 | |a GRAMÁTICA INGLESA | ||
| 999 | |c 19356 |d 19356 | ||
| 040 | |a cru BVZT | ||
| 942 | |c 15 D |h 415-I E-4a |2 z | ||
